000 00755cac a22002415a 4500
008 100803t Si a f 001 0 eng d
010 _a 2004053109
020 _a0131918990
020 _a9780131918993
040 _aEG-ScBUE
_beng
_dEG-ScBUE
082 0 4 _a620.112
_bHIB
_222
100 1 _aHibbeler, R. C.
_917004
245 1 0 _aMechanics of Materials /
_cR.C. Hibbeler.
250 _a6th ed.
260 _aSingapore :
_bPearson Prentice Hall,
_cc.2008.
300 _axvi, 873 p. :
_bcol. ill. ;
_c25 cm.
500 _aIndex : p. 897-909
650 0 _aStrength of materials.
_917005
_2BUEsh
650 0 _aStructural analysis (Engineering)
_917006
_2BUEsh
651 _2BUEsh
653 _cAugust2015
_bENGMEC
942 _cBB
_k620.11HIB
_2ddc
999 _c2895
_d2895